000 01389nam a22003015i 4500
001 157054
003 ES-MaACL
005 20250905132048.0
008 210816s2013 sp 001 0dspa d
020 _a978-84-7173-577-5
080 _a75.035(460.154)(083.824)
245 0 0 _aGipuzkoako pintore erromantikoak =
_bPintores románticos guipuzcoanos : [(exposición), del 31 de mayo al 18 de agosto de 2013 : Salas Kutxa Boulevard Aretoak, Donostia-San Sebastián /
_ckomisariotza = comisariado, Montserrat Fornells Angelats ; testuak = textos, Xabier Iturbe Otaegi, Montserrat Fornells Angelats].
246 3 _aPintores románticos guipuzcoanos
260 _aDonostia-San Sebastián :
_bKutxa Fundazioa = Fundación Kutxa,
_c[2013]
300 _a127 p. :
_bil. col. y n. ;
_c30 cm.
504 _aBibliografía: p. 125.
546 _aTexto en vasco y castellano.
650 4 _aRomanticismo (Arte)-
_zGuipúzcoa-
_vExposiciones.
_9153542
650 4 _aPintura-
_zGuipúzcoa-
_vExposiciones.
_9153543
655 7 _2tgfbne
_9193628
_aCatálogos de exposiciones
700 1 _aFornells Angelats, Montserrat,
_d1953-
_9153544
700 1 _aIturbe Otaegui, Xabier.
_9153545
710 2 _aSalas Kutxa Boulevard.
_9153546
710 2 _aFundación Kutxa.
_94354
852 4 _aES-MaACL
_jA-12866
_9182845
_bR.149888
_cDEPO1
_dOlim: N-5866
942 _2udc
_cMONOGRAFIA
999 _c157054
_d157054